|
|
|
|
| LEADER |
01762nam a2200373 a 4500 |
| 001 |
12032873 |
| 008 |
090730s2001 nyu b 000 1 eng d |
| 010 |
|
|
|a 00055450
|
| 020 |
|
|
|a 0393975428 (pbk.)
|
| 040 |
|
|
|a DLC
|c DLC
|d DLC
|
| 082 |
0 |
0 |
|a 823/.8
|2 21
|
| 100 |
1 |
|
|a Brontë, Charlotte,
|d 1816-1855.
|
| 245 |
1 |
0 |
|a Jane Eyre :
|b an authoritative text /
|c Charlotte Bronte ; edited by Richard J. Dunn ; with a foreword by Carol T. Christ.
|
| 260 |
|
|
|a New York :
|b Norton,
|c c2001.
|
| 300 |
|
|
|a xiv, 521 p. ;
|c 19 cm.
|
| 490 |
|
0 |
|a A Norton anthology edition
|
| 504 |
|
|
|a Includes bibliographical references.
|
| 541 |
1 |
|
|e 00014931
|
| 600 |
1 |
0 |
|a Brontë, Charlotte,
|d 1816-1855.
|t Jane Eyre.
|
| 650 |
|
0 |
|a Governesses
|v Fiction.
|
| 650 |
|
0 |
|a Fathers and daughters
|v Fiction.
|
| 650 |
|
0 |
|a Mentally ill women
|v Fiction.
|
| 650 |
|
0 |
|a Charity-schools
|v Fiction.
|
| 650 |
|
0 |
|a Married people
|v Fiction.
|
| 650 |
|
0 |
|a Country homes
|v Fiction.
|
| 650 |
|
0 |
|a Young women
|v Fiction.
|
| 650 |
|
0 |
|a Orphans
|v Fiction.
|
| 651 |
|
0 |
|a England
|v Fiction.
|
| 700 |
1 |
|
|a Dunn, Richard J.,
|d 1938-
|
| 852 |
4 |
|
|a Ayesha Abed Library
|j General Shelf.
|
| 999 |
|
|
|c 3120
|d 3120
|
| 952 |
|
|
|0 0
|1 0
|2 ddc
|4 0
|6 823_800000000000000_BRO_2001
|7 0
|9 8023
|a BRACUL
|b BRACUL
|c GEN
|d 2010-02-11
|l 28
|m 157
|o 823.8 BRO
|p 3010014931
|q 2026-06-02
|r 2025-12-22
|s 2025-12-22
|t 1
|w 2010-02-11
|y BK
|
| 952 |
|
|
|0 0
|1 0
|2 ddc
|4 0
|6 823_800000000000000_BRO_2001
|7 0
|9 8151
|a BRACUL
|b BRACUL
|c GEN
|d 2010-02-15
|l 20
|m 93
|o 823.8 BRO
|p 3010014932
|r 2025-09-07
|s 2025-06-29
|t 2
|w 2010-02-15
|y BK
|
| 952 |
|
|
|0 0
|1 0
|2 ddc
|4 0
|6 823_800000000000000_BRO
|7 0
|9 44497
|a BRACUL
|b BRACUL
|c GEN
|d 2014-12-21
|e BRAC Institute of Language (BIL)
|l 11
|m 62
|o 823.8 BRO
|p 3010028695
|r 2026-05-19
|s 2026-05-08
|t 3
|w 2014-12-21
|y BK
|x Transferred from BIL to BRACUL on 06/06/22
|